000
00334nam a2200145Ia 4500
003
OSt
005
20240304155955.0
008
170523s9999 xx 000 0 und d
020
_a
978-8125914426
040
_c
IIMTU
100
_a
SINGH- SUKHPAL
245
0
_a
RURAL MARKETING MANAGEMENT
260
_b
Vikas Publication
942
_2
ddc
_c
02
999
_c
913
_d
913